Hospodárske postavenie odštepného závodu Tatra Čadca záverečná práca postgraduálneho štúdia

Enregistré dans:
Détails bibliographiques
Auteur principal: Makuka, Jozef
Collectivité auteur: Vysoká škola ekonomická v Bratislave
Autres auteurs: Majtán, Štefan
Format: Livre
Langue:slovaque
Publié: Bratislava 1990
Tags: Ajouter un tag
Pas de tags, Soyez le premier à ajouter un tag!

MARC

LEADER 00000nam a2200000 4500
001 c035442
005 20230116095041.4
041 0 |a slo 
044 |a SK 
245 1 0 |a Hospodárske postavenie odštepného závodu Tatra Čadca  |b záverečná práca postgraduálneho štúdia  |c Jozef Makuka ; Ved. práce Štefan Majtán 
264 1 |a Bratislava  |c 1990 
300 |a 55 s. 
100 1 |a Makuka, Jozef 
700 1 |a Majtán, Štefan 
710 2 |a Vysoká škola ekonomická v Bratislave